000 00583nam a2200193Ia 4500
005 20250508165118.0
008 008 250505s9999 xx 000 0 hin d
037 _aDissertations
040 _aFEDL
_beng
_cFEDL
041 _ahin
_2eng
084 _a907, BAK/DI
_qFEDL
100 _aBakhla Suchita
_9779918
245 0 _aUcch prathmik ster per itihas vishaya ke adhigam me shravya-dirishya saadhno ki bhumika
260 _c2011
300 _a92p.
546 _aM. Ed. Dissertation, (Delhi University)
942 _cDIS
_h907, BAK/DI
999 _c1393237
_d1393237